Statistiken für Meeresstraßen

Klicken Sie hier um das Quiz zu spielen!

Allgemein

  • Dieses Quiz wurde 78 mal gespielt
  • Das Durchschnittsergebnis liegt bei 6 aus 32

Antwortstatistiken

Antwort% Korrekt
Bering
76%
Bosporus
61%
Cook
41%
Dardanellen
39%
Messina
39%
Bass
37%
Magellan
37%
Mosambik
37%
Dover
35%
Hormus
22%
Florida
16%
Großer Belt
16%
Kertsch
16%
Windward
16%
Dänemark
14%
Hainan
14%
Drake
12%
Yucatan
12%
Bab al-Mandab
10%
Korea
10%
Korfu
10%
Formosa
8%
Otranto
8%
Bonifacio
6%
Kara
6%
Luzon
6%
Nordkanal
6%
Palk
6%
Balabac
4%
Kalmar
4%
Mona
4%
Dampier
2%

Verteilung der Resultate

Perzentil nach korrekt beantworteten Fragen

Anzahl Personen mit jedem Resultat

Ihre Resultats-Entwicklung

Sie haben dieses Quiz noch nicht gespielt